000 00662nam a2200265Ia 4500
008 210210b2019 xxu||||| |||| 00| 0 eng d
020 _a9788131609965
041 _aeng
082 _a016.3092 SHUE
100 _aSHUKLA (Seema)
245 _aEmerging Indian state: socio economic profile of Gujarat: a select bibliography
260 _aJaipur
_bRawat Publications
_c2019
300 _aviiii,454
650 _astate:
650 _asocio
650 _aselect
650 _aprofile
650 _aIndian
650 _aGujarat:
650 _aEmerging
650 _aeconomic
650 _abibliography
690 _aBibliography
906 _a074174
999 _c123984
_d123984